London Underground - District Line Map - Statistics

General Stats
  • This quiz has been taken 559 times
    558 since last reset
  • The average score is 42 of 60
Answers on the Map
Answers color-coded by a green-red scale on the quiz's map according to % correct below.
 
Answer Stats
Answer % Correct
Upminster
85%
Westminster
85%
Richmond
84%
Wimbledon
84%
Embankment
83%
South Kensington
83%
Earl's Court
81%
Temple
81%
Victoria
81%
Tower Hill
80%
Blackfriars
79%
Ealing Broadway
79%
Monument
79%
St. James's Park
77%
West Ham
77%
Aldgate East
76%
Kew Gardens
76%
Sloane Square
76%
Mile End
75%
Whitechapel
75%
Cannon Street
74%
East Ham
74%
Hammersmith
73%
Mansion House
72%
Paddington
72%
Putney Bridge
72%
Barking
71%
Barons Court
71%
Kensington (Olympia)
71%
Edgware Road
70%
Bow Road
69%
Dagenham East
69%
Gloucester Road
69%
Bromley-by-Bow
68%
Stepney Green
66%
Upminster Bridge
66%
Dagenham Heathway
65%
High Street Kensington
65%
Plaistow
65%
East Putney
64%
Ravenscourt Park
64%
Turnham Green
64%
Upton Park
64%
Wimbledon Park
64%
Acton Town
63%
Bayswater
63%
Fulham Broadway
63%
West Kensington
63%
Ealing Common
62%
Notting Hill Gate
62%
Upney
61%
Gunnersbury
60%
Parsons Green
60%
Hornchurch
59%
Chiswick Park
57%
Elm Park
56%
West Brompton
55%
Stamford Brook
54%
Southfields
53%
Becontree
52%
No matching quizzes found
Score Distribution
Percent of People with Each Score
Percentile by Number Answered
Your Score History
You have not taken this quiz since the last reset